| 000 | 01281cam a2200253 i 4500 | ||
|---|---|---|---|
| 003 | SA-RiAUC | ||
| 005 | 20250415072749.0 | ||
| 008 | 250415q19001999sy g 00000 ara c | ||
| 040 |
_aSA-JeALM _bara _cSA-RiAUC _erda |
||
| 082 | 0 | 4 | _a231.4 |
| 090 |
_a231.4 _b ا ب ن ج |
||
| 100 | 1 |
_aابن الجوزي، عبد الرحمن بن علي بن محمد، _d508-597 هجري _eمؤلف. |
|
| 245 | 1 | 0 |
_aإخبار أهل الرسوخ في الفقه والتحديث بمقدار المنسوخ من الحديث / _cتأليف أبي الفرج عبد الرحمن بن علي بن محمد بن الجوزي ؛ تحقيق محمد صبحي حسن حلاق. |
| 264 | 1 |
_aبيروت : _bدار ابن حزم، _c1993 |
|
| 300 |
_a159 صفحة ؛ _c24 سم |
||
| 336 |
_aنص _btxt _2rdacontent _3كتاب |
||
| 337 |
_aبدون وسيط _bn _2rdamedia |
||
| 338 |
_aمجلد _bnc _2rdacarrier |
||
| 500 | _aطبعة تمتاز بمقابلتها على أربع نسخ خطية مع دراسة مستفيضة عن الصناعة الحديثية عند ابن الجوزي. | ||
| 650 | 7 |
_aالحديث _xالناسخ والمنسوخ _2aucsh |
|
| 700 | 1 |
_aحلاق, محمد صبحي حسن. _eمحقق. |
|
| 942 |
_2ddc _cBOOK _n0 |
||
| 949 |
_aSA-JeALM _d250415 _umohamedma123 _n1 |
||
| 999 |
_c7068 _d7068 |
||